000 00437pab a2200193 454500
008 180718b1997 xxu||||| |||| 00| 0 eng d
100 _aSwamy, Subramanian
245 _aConman's budget
260 _c1997
300 _ap.10
362 _a13 Mar
650 _aBudget - India
650 _aFinance, public - India
650 _aPublic finance
650 _aState budget
650 _aBudget
773 _aHindu
909 _a34311
999 _c34311
_d34311